KOHA-Header-6

Operations Management (Processes And Supply Chains) (Record no. 572)

000 -LEADER
fixed length control field 00373nam a2200121Ia 4500
008 - FIXED-LENGTH DATA ELEMENTS--GENERAL INFORMATION
fixed length control field 190722s9999 xx 000 0 und d
020 ## - INTERNATIONAL STANDARD BOOK NUMBER
International Standard Book Number 978-93-325-4821-3
100 ## - MAIN ENTRY--PERSONAL NAME
Personal name Krajewski, Malhotra, Ritzman, Srivastava
245 #0 - TITLE STATEMENT
Title Operations Management (Processes And Supply Chains)
260 ## - PUBLICATION, DISTRIBUTION, ETC. (IMPRINT)
Place of publication, distribution, etc India
Name of publisher, distributor, etc Pearson India Edu. Services Pvtt. Ltds.
Date of publication, distribution, etc 2016
300 ## - PHYSICAL DESCRIPTION
Extent 655
942 ## - ADDED ENTRY ELEMENTS (KOHA)
Koha item type Books
Holdings
Withdrawn status Lost status Damaged status Not for loan Collection code Permanent Location Current Location Shelving location Date acquired Total Checkouts Full call number Barcode Checked out Date last seen Date checked out Price effective from Koha item type
        Management MAJU MAJU   2019-07-22 2 658.5 7198 2022-02-19 2021-08-23 2021-08-23 2019-07-22 Management

Powered by Koha